000
00259nam a2200097Ia 4500
008
231107s2010 xx 000 0 und d
041
_a
eng
100
_a
Miro Eva Pascual
245
_a
Architectural ModelMaking
260
_a
Singapore
_b
Basheer Graphic Book
_c
2010
999
_c
927214
_d
927214